VITA DI NOSTRO SIGNORE GESÙ CRISTO, CON MASSIME ETERNE. (Record n. 265669)
[ formato base ]
| 000 -LEADER | |
|---|---|
| fixed length control field | 01224nam a2200229Ia 4500 |
| 001 - CONTROL NUMBER | |
| control field | L232-6487 |
| 003 - CONTROL NUMBER IDENTIFIER | |
| control field | IT-CnALBA |
| 008 - FIXED-LENGTH DATA ELEMENTS--GENERAL INFORMATION | |
| fixed length control field | 170116s9999||||xx |||||||||||||| ||und|| |
| 040 ## - CATALOGING SOURCE | |
| Original cataloging agency | IT-CnALBA |
| Transcribing agency | IT-CnALBA |
| 041 ## - LANGUAGE CODE | |
| Language code of text/sound track or separate title | ITALIANO |
| 999 ## - SYSTEM CONTROL NUMBERS (KOHA) | |
| Koha Dewey Subclass [OBSOLETE] | SI |
| 100 ## - MAIN ENTRY--PERSONAL NAME | |
| Personal name | D'AMICO LUIGI |
| 245 #0 - TITLE STATEMENT | |
| Title | VITA DI NOSTRO SIGNORE GESÙ CRISTO, CON MASSIME ETERNE. |
| 250 ## - EDITION STATEMENT | |
| Edition statement | 1a ed. |
| 260 ## - PUBLICATION, DISTRIBUTION, ETC. (IMPRINT) | |
| Place of publication, distribution, etc. | MILANO. BA. BOLOGNA |
| Name of publisher, distributor, etc. | SALESIANA. SC. TIP. |
| Date of publication, distribution, etc. | 1918 [1° Ed.: n.d.] |
| 300 ## - PHYSICAL DESCRIPTION | |
| Extent | 152 p. (prefazione: 16) |
| 500 ## - GENERAL NOTE | |
| General note | MASSIME ETERNE (1922). PERLE DI GRAN PREGIO ESTRATTE DAL LIBRO FEDE E PIETÀ DI LUIGI D'AMICO. VITA DI GESÙ CRISTO. IL PRECURSORE. INFANZIA DI GESÙ. VITA PUBBLICA. BATTESIMO. TENTAZIONI. AGNELLO DI DIO. CHIAMATA DEI PRIMI DISCEPOLI. NOZZE DI CANA. NICODEMO |
| 501 ## - WITH NOTE | |
| With note | Società San Paolo EM - Piazza San Paolo, 14 - 12051 ALBA (CN) (non commercial uses only) ® Copyright 2017 |
| 520 ## - SUMMARY, ETC. | |
| Summary, etc. | MASSIME ETERNE (1922). PERLE DI GRAN PREGIO ESTRATTE DAL LIBRO FEDE E PIETÀ DI LUIGI D'AMICO. VITA DI GESÙ CRISTO. IL PRECURSORE. INFANZIA DI GESÙ. VITA PUBBLICA. BATTESIMO. TENTAZIONI. AGNELLO DI DIO. CHIAMATA DEI PRIMI DISCEPOLI. NOZZE DI CANA. NICODEMO |
| 650 ## - SUBJECT ADDED ENTRY--TOPICAL TERM | |
| Topical term or geographic name as entry element | VITA E MISTERO DI CRISTO |
| 942 ## - ADDED ENTRY ELEMENTS (KOHA) | |
| Koha item type | LIBRO |
| 957 ## - | |
| -- | 1 |
| 999 ## - SYSTEM CONTROL NUMBERS (KOHA) | |
| -- | Copie: 2 |
| Withdrawn status | Lost status | Damaged status | Not for loan | Home library | Current library | Date acquired | Total Checkouts | Full call number | Date last seen | Price effective from | Koha item type | Public note |
|---|---|---|---|---|---|---|---|---|---|---|---|---|
| Buone Condizioni | Not For Loan | ALBA - Biblioteca | ALBA - Biblioteca | 16/01/2017 | L232-6487 | 16/01/2017 | 16/01/2017 | LIBRO | (data import: 16 gennaio 2017) - By Epidotti, Vaglietti. |